00455nam a22001577a 450000500170000001000150001702000100003203500140004203700130005608200110006910000170008024500500009726000590014727000760020630000150028220190501120503.0 aENG-125110 c80.00 aEN-108642 bDBAD/PUB a230.35 aVasantha Sai aSathya Sai Baba 10 avatars in 1cVasantha Sai aTamil NadubSri Vasanthasai Books & Publications Trust bMaduraie625706aMukthi Nilyam,Royapalayam villageB.O.Tirumangalam S.O. a180pb21cm